Mẫn và tôi : Tiểu thuyết
Đã lưu trong:
| Hovedforfatter: | |
|---|---|
| Format: | Bog |
| Sprog: | Undetermined |
| Udgivet: |
Thành phố Hồ Chí Minh
Trẻ
1999
|
| Fag: | |
| Tags: |
Tilføj Tag
Ingen Tags, Vær først til at tagge denne postø!
|
| Thư viện lưu trữ: | Trung tâm Học liệu Trường Đại học Cần Thơ |
|---|
| LEADER | 00576nam a2200217Ia 4500 | ||
|---|---|---|---|
| 001 | CTU_46936 | ||
| 008 | 210402s9999 xx 000 0 und d | ||
| 020 | |c 24000 | ||
| 082 | |a 895.922333 | ||
| 082 | |b T550/T.2 | ||
| 100 | |a Phan, Tứ | ||
| 245 | 0 | |a Mẫn và tôi : | |
| 245 | 0 | |b Tiểu thuyết | |
| 245 | 0 | |c Phan Tứ | |
| 260 | |a Thành phố Hồ Chí Minh | ||
| 260 | |b Trẻ | ||
| 260 | |c 1999 | ||
| 650 | |a Vietnamese fiction | ||
| 650 | |y 20th century | ||
| 904 | |i Trong Hiếu | ||
| 980 | |a Trung tâm Học liệu Trường Đại học Cần Thơ | ||